Ap+ Hug Unit 6 Map Quiz - Statistics

General Stats
  • This quiz has been taken 18 times
  • The average score is 15 of 20
Answers on the Map
Answers color-coded by a green-red scale on the quiz's map according to % correct below.
 
Answer Stats
Answer % Correct
Jakarta, Indonesia
94%
Cairo, Egypt
89%
Ho Chi Minh City, Vietnam
89%
Baghdad, Iraq
83%
Dar es Salaam, Tanzania
83%
Lagos, Nigeria
83%
Luanda, Angola
83%
Mexico City, Mexico
83%
Chicago, USA
78%
Karachi, Pakistan
78%
Osaka, Japan
78%
Tokyo, Japan
78%
São Paulo, Brazil
72%
Delhi, India
67%
Dhaka, Bangladesh
67%
Shanghai, China
61%
Ahmedabad, India
56%
Beijing, China
56%
Chengdu, China
50%
Mumbai, India
50%
No matching quizzes found
Score Distribution
Percent of People with Each Score
Percentile by Number Answered
Your Score History
You have not taken this quiz